|
|
|
|
| LEADER |
00000nab a2200000 a 4500 |
| 001 |
vtls000508222 |
| 003 |
SK-MaSNL |
| 005 |
20260304085232.0 |
| 008 |
250425c1993 xo 0 slo |
| 015 |
|
|
|a SNBRB19rr/mm-uuuuu
|
| 035 |
|
|
|a CL0508360
|
| 035 |
|
|
|a urn:nbn:sk:snk-ab1q9r
|
| 035 |
|
|
|a (urnnbn)urn:nbn:sk:snk:ar-004y59
|
| 035 |
|
|
|a (uuid)21f8aea8-6376-45be-8037-7f66dbb72684
|
| 040 |
|
|
|a SNKBUCL
|b slo
|c SNKBUCL
|e AACR2
|
| 041 |
0 |
|
|a eng
|
| 044 |
|
|
|a xo
|c SK
|
| 080 |
|
|
|a 519.76
|2 1981
|
| 100 |
1 |
|
|a Vicolov, Sorina
|4 aut
|9 1378461
|
| 245 |
1 |
0 |
|a Cooperating/Distributed Grammar Systems with Registers: the Regular Case
|c Sorina Vicolov
|
| 300 |
|
|
|b Fotogr. 1, lit. 10 zázn. v angl.
|
| 650 |
0 |
7 |
|a formálne jazyky
|2 snkbucl
|9 73830
|
| 650 |
0 |
7 |
|a systémy gramatické (kyb.)
|2 snkbucl
|9 1375052
|
| 655 |
|
7 |
|a články z novín a časopisov
|2 snkbucl
|9 267496
|
| 773 |
0 |
|
|t Computers and artificial intelligence
|g Roč. 12, č. 1 (1993), s. 89-98
|x 0232-0274
|
| 850 |
|
|
|a Slovenská národná knižnica
|
| 852 |
|
|
|a Slovenská národná knižnica
|
| 958 |
|
|
|a article27
|
| 958 |
|
|
|a NB
|
| 958 |
|
|
|a RK
|
| 958 |
|
|
|a RO
|
| 958 |
|
|
|a OND
|
| 958 |
|
|
|a EUIPO
|
| 992 |
|
|
|a RBX
|
| 999 |
|
|
|c 2807113
|d 2809043
|